000 00906nas a2200301 4500
001 BR9705265
003 BR-BrBNA
005 20231205100625.0
007 ta
008 230509b bl.|||p| |||| 00| 00por d
040 _aBR-BrBNA
_bpor
_cBiblioteca Nacional de Agricultura
041 _a(Pt)
072 _aH20
100 1 _aBassanezi, R.B.
100 1 _aAmorim, L.
100 1 _aGodoy, C.V.
100 1 _aBergamin Filho, A.
245 1 _aAnalise comparativa entre a ferrugem e a mancha angular do feijoeiro: efeito da temperatura nos parametros monociclicos
650 _aFeijao
650 _aFerrugem
650 _aMancha Angular
650 _aFolha
650 _aCondicao Ambiental
650 _aEpidemia
773 0 _tFitopatologia Brasileira (Brazil)
_xISSN 0100-4158
_g(Sep 1997), v. 22(3) p. 432-436
_wBR9705265
909 _a202311
_bLúcia
_c55
_dLúcia Elande
942 _2AGRIS
_n0
_cANA
999 _c157065
_d157065